[Event "Knighthood Blitz"]
[Site "Vishy Anand Arena"]
[Date "2020.08.01"]
[Round "7"]
[White "Perseus226"]
[Black "ilamparthi"]
[Result "0-1"]
[WhiteElo "1894"]
[BlackElo "2052"]
[Annotator "NA"]
[PlyCount "86"]
[EventDate "2020.08.01"]
[EventType "swiss (blitz)"]

1. d4 Nf6 2. Bf4 g6 3. e3 Bg7 4. h3 O-O 5. Nf3 d6 6. Be2 Nbd7 7. O-O c6 8. Bh2 Qc7 9. a4 e5 10. c3 Re8 11. Na3 Nf8 12. Nc4 Be6 13. dxe5 Bxc4 14. Bxc4 dxe5 15. Nxe5 Rxe5 16. Bxe5 Qxe5 17. Qb3 Qe7 18. Rad1 Re8 19. Rd3 Ne4 20. Rdd1 h5 21. Bd3 Nf6 22. Rfe1 Ne6 23. e4 h4 24. e5 Nd5 25. Bc4 Ndf4 26. Bxe6 Nxe6 27. Re3 Nf4 28. g3 hxg3 29. fxg3 Nxh3+ 30. Kg2 Ng5 31. Rf1 Rd8 32. Re2 Ne6 33. Ref2 Rf8 34. Qc2 Bxe5 35. Qe4 Qg5 36. Rh1 Qxg3+ 37. Kf1 Ng5 38. Qc4 Qe3 39. Qh4 Rd8 40. Re2 Rd1+ 41. Re1 Rxe1+ 42. Qxe1 Qf3+ 43. Qf2 Qxh1+ 0-1

[Event "Knighthood Blitz"]
[Site "Vishy Anand Arena"]
[Date "2020.08.01"]
[Round "7"]
[White "Rishila"]
[Black "Priyanka Nutakki"]
[Result "1/2-1/2"]
[WhiteElo "1866"]
[BlackElo "2160"]
[Annotator "NA"]
[PlyCount "127"]
[EventDate "2020.08.01"]
[EventType "swiss (blitz)"]

1. d4 d5 2. Bf4 Nf6 3. c3 e6 4. Nd2 Bd6 5. e3 O-O 6. Ngf3 c5 7. Ne5 Qc7 8. Bg3 Nc6 9. Nxc6 Qxc6 10. Be2 Re8 11. Be5 Bxe5 12. dxe5 Nd7 13. f4 b5 14. O-O Bb7 15. Bf3 Qb6 16. b3 c4 17. Qe2 Nc5 18. bxc4 bxc4 19. Rfb1 Qa5 20. Nxc4 dxc4 21. Bxb7 Nxb7 22. Rxb7 Qxc3 23. Rd1 Red8 24. Rbd7 Rxd7 25. Rxd7 Rb8 26. h3 g6 27. Rc7 Qc1+ 28. Kh2 c3 29. Qd3 Qb2 30. Rxc3 Qxa2 31. Ra3 Qb1 32. Qxb1 Rxb1 33. Rxa7 Rb3 34. e4 Rb4 35. Kg3 Rxe4 36. Kf3 Rb4 37. Kg4 Kg7 38. Kf3 h5 39. g4 h4 40. Ra3 Rb2 41. Re3 Ra2 42. Ke4 Ra4+ 43. Kf3 g5 44. fxg5 Kg6 45. Re4 Ra3+ 46. Re3 Ra2 47. Kf4 Rf2+ 48. Ke4 Kxg5 49. Rf3 Rxf3 50. Kxf3 f6 51. exf6 Kxf6 52. Kf4 Kf7 53. Ke5 Ke7 54. g5 Kf7 55. Kf4 Kg6 56. Kg4 e5 57. Kxh4 Kf5 58. g6 Kxg6 59. Kg4 Kf6 60. h4 Kg6 61. Kf3 Kf5 62. Ke3 Kg4 63. Ke4 Kxh4 64. Kxe5 1/2-1/2

[Event "Knighthood Blitz"]
[Site "Vishy Anand Arena"]
[Date "2020.08.01"]
[Round "7"]
[White "thor_attack"]
[Black "Harishankkar"]
[Result "1-0"]
[WhiteElo "1865"]
[BlackElo "2143"]
[PlyCount "109"]
[EventDate "2020.08.01"]
[EventType "swiss (blitz)"]

1. e4 c5 2. Nc3 Nc6 3. g3 g6 4. Bg2 Bg7 5. d3 d6 6. Be3 Nf6 7. h3 O-O 8. Qd2 Rb8 9. Nge2 b5 10. O-O e6 11. Bh6 b4 12. Nd1 Bd7 13. Bxg7 Kxg7 14. f4 a5 15. g4 a4 16. Ng3 b3 17. axb3 axb3 18. c3 h6 19. f5 Qe7 20. fxg6 fxg6 21. Ne3 Ra8 22. Rxa8 Rxa8 23. Nc4 Rf8 24. g5 hxg5 25. Qxg5 d5 26. exd5 exd5 27. Nb6 Be6 28. Rxf6 Rxf6 29. Nh5+ Kf7 30. Qxf6+ Qxf6 31. Nxf6 Kxf6 32. Nxd5+ Ke5 33. Nc7 Bf5 34. Bxc6 Kd6 35. Be4 Bxe4 36. dxe4 Kxc7 37. Kf2 Kd6 38. Kf3 Ke5 39. h4 Kf6 40. Kf4 Ke6 41. Kg5 Ke5 42. Kxg6 Kxe4 43. h5 Kd3 44. h6 Kc2 45. h7 Kxb2 46. h8=Q Ka2 47. Qa8+ Kb2 48. c4 Kc3 49. Qa1+ Kc2 50. Qe5 b2 51. Qxc5 b1=Q 52. Qf5+ Kb2 53. Qxb1+ Kxb1 54. c5 Kb2 55. c6 1-0

[Event "Knighthood Blitz"]
[Site "Vishy Anand Arena"]
[Date "2020.08.01"]
[Round "7"]
[White "Vikas2200"]
[Black "Savithashri"]
[Result "1-0"]
[WhiteElo "1851"]
[BlackElo "1981"]
[Annotator "NA"]
[PlyCount "93"]
[EventDate "2020.08.01"]
[EventType "swiss (blitz)"]

1. c4 e5 2. Nc3 Nf6 3. Nf3 d6 4. g3 Nc6 5. Bg2 Bg4 6. h3 Bh5 7. O-O Qd7 8. d3 Be7 9. Rb1 a5 10. a3 O-O 11. b4 axb4 12. axb4 Bg6 13. b5 Na5 14. Bd2 c6 15. bxc6 bxc6 16. e4 d5 17. Qe2 Bd6 18. Rfc1 Rfe8 19. Na4 dxe4 20. dxe4 Bxe4 21. Nb6 Qa7 22. Nxa8 Bxb1 23. Rxb1 Rxa8 24. Ra1 Qc7 25. Qe1 e4 26. Ng5 h6 27. Nxe4 Nxe4 28. Bxe4 Re8 29. Bh7+ Kxh7 30. Qxe8 Nb3 31. Rd1 Be5 32. Be3 Bxg3 33. Qe4+ g6 34. fxg3 Qxg3+ 35. Kf1 Qxh3+ 36. Ke2 Qh2+ 37. Bf2 Qh5+ 38. Qf3 Qe5+ 39. Kf1 Qe6 40. Re1 Qxc4+ 41. Kg1 Nd2 42. Qf6 Qd5 43. Re3 Nf3+ 44. Rxf3 Qd1+ 45. Kg2 Qd5 46. Bd4 Qxf3+ 47. Kxf3 1-0

[Event "Knighthood Blitz"]
[Site "Vishy Anand Arena"]
[Date "2020.08.01"]
[Round "7"]
[White "Anandfan"]
[Black "Vishveshk"]
[Result "0-1"]
[WhiteElo "1819"]
[BlackElo "1818"]
[Annotator "NA"]
[PlyCount "72"]
[EventDate "2020.08.01"]
[EventType "swiss (blitz)"]

1. d4 e6 2. e4 Nf6 3. e5 Nd5 4. Nf3 c5 5. c4 Nb6 6. d5 exd5 7. cxd5 d6 8. Nc3 dxe5 9. Nxe5 Bd6 10. Nc4 Nxc4 11. Bxc4 O-O 12. O-O a6 13. a4 Nd7 14. Ne4 Bxh2+ 15. Kxh2 Qh4+ 16. Kg1 Qxe4 17. Bd3 Qh4 18. Qc2 Nf6 19. f3 Nxd5 20. Qxc5 Be6 21. Be4 Rac8 22. Qf2 Qf6 23. Bxd5 Bxd5 24. Be3 Rfe8 25. Bd4 Qg6 26. Bc3 Bc4 27. Rfe1 h5 28. a5 Re6 29. Rxe6 Bxe6 30. Rd1 Qf5 31. Qd4 Qg6 32. Qe5 h4 33. Kh2 Re8 34. Qd4 Qg3+ 35. Kg1 h3 36. Qf2 h2+ 0-1

[Event "Knighthood Blitz"]
[Site "Vishy Anand Arena"]
[Date "2020.08.01"]
[Round "7"]
[White "Thee_Riddler"]
[Black "ASB"]
[Result "0-1"]
[WhiteElo "1796"]
[BlackElo "2008"]
[PlyCount "74"]
[EventDate "2020.08.01"]
[EventType "swiss (blitz)"]

1. e4 d5 2. exd5 Nf6 3. Nc3 Nxd5 4. Nxd5 Qxd5 5. Nf3 Nc6 6. b3 Bg4 7. Bc4 Qe4+ 8. Be2 Bxf3 9. gxf3 Qe6 10. Bb2 O-O-O 11. d3 f6 12. Qd2 g6 13. O-O-O h5 14. Rhe1 Qd6 15. f4 Bh6 16. Kb1 Bxf4 17. Qc3 Be5 18. Qd2 Bxb2 19. Kxb2 Qxh2 20. Bf3 Qd6 21. Bxc6 Qxc6 22. Rxe7 Rhe8 23. Rde1 Rxe7 24. Rxe7 Qd6 25. Qe3 Qd4+ 26. Qxd4 Rxd4 27. Kc3 Rf4 28. Re2 h4 29. Kd2 h3 30. Ke3 Rf5 31. f4 g5 32. fxg5 Re5+ 33. Kf2 Rxe2+ 34. Kxe2 h2 35. gxf6 h1=Q 36. f7 Qh5+ 37. Kd2 Qxf7 0-1

[Event "Knighthood Blitz"]
[Site "Vishy Anand Arena"]
[Date "2020.08.01"]
[Round "7"]
[White "Twobrothers"]
[Black "Rakeshkul"]
[Result "1-0"]
[WhiteElo "1795"]
[BlackElo "1657"]
[Annotator "NA"]
[PlyCount "109"]
[EventDate "2020.08.01"]
[EventType "swiss (blitz)"]

1. e4 e6 2. d4 d5 3. Nd2 Nf6 4. e5 Ne4 5. Nxe4 dxe4 6. Ne2 c5 7. c3 cxd4 8. cxd4 Nc6 9. Be3 Bd7 10. Nc3 Bb4 11. Qd2 O-O 12. Be2 Rc8 13. O-O Na5 14. Rfc1 Nc4 15. Bxc4 Rxc4 16. d5 Qa5 17. d6 Rfc8 18. Bd4 Qd5 19. Rd1 Bxc3 20. Bxc3 Qxd2 21. Rxd2 b5 22. a3 f5 23. h3 g6 24. Kf1 Ra8 25. Rd4 a5 26. Rxc4 bxc4 27. Ke2 Bc6 28. Ke3 Kf8 29. Kd4 Bd5 30. Kc5 Ke8 31. Kb6 Kd7 32. Kc5 a4 33. Kd4 Kc6 34. Ke3 Rb8 35. Kf4 h6 36. h4 Rg8 37. Ke3 g5 38. hxg5 hxg5 39. g3 Rf8 40. Rh1 f4+ 41. gxf4 gxf4+ 42. Ke2 Rf7 43. Rh8 e3 44. fxe3 fxe3 45. Kxe3 Rf3+ 46. Ke2 Kd7 47. Rh7+ Kc6 48. d7 Rf8 49. Ba5 Kc5 50. Bb4+ Kc6 51. Bxf8 Kb7 52. d8=Q+ Kc6 53. Qc8+ Kb5 54. Qc5+ Ka6 55. Ra7# 1-0

[Event "Knighthood Blitz"]
[Site "Vishy Anand Arena"]
[Date "2020.08.01"]
[Round "7"]
[White "saisujan2005"]
[Black "Renier Gonsalves"]
[Result "1/2-1/2"]
[WhiteElo "1772"]
[BlackElo "1317"]
[Annotator "NA"]
[PlyCount "82"]
[EventDate "2020.08.01"]
[EventType "swiss (blitz)"]

1. d4 d5 2. c4 e6 3. Nc3 Nf6 4. cxd5 exd5 5. Bg5 Bb4 6. Nf3 h6 7. Bh4 Nc6 8. e3 Bf5 9. Bd3 Bxd3 10. Qxd3 Qd6 11. O-O O-O 12. Rac1 Ba5 13. a3 Rac8 14. b4 Bb6 15. Bg3 Qd7 16. Ne5 Nxe5 17. Bxe5 c6 18. b5 Qe6 19. bxc6 bxc6 20. Na4 Ng4 21. Bg3 Nf6 22. Nc5 Qe7 23. a4 Rfe8 24. Qc3 Bxc5 25. Qxc5 Qxc5 26. Rxc5 Ne4 27. Ra5 Nxg3 28. hxg3 Re7 29. Rc1 Rec7 30. Kf1 Kf8 31. Ke2 Ke7 32. Kd3 Ke6 33. f4 f5 34. Rac5 Kd6 35. Rb1 Kd7 36. a5 Kd6 37. a6 Rd8 38. Rc3 Rdd7 39. Rc5 Rd8 40. Rc3 Rdd7 41. Rc5 Rd8 1/2-1/2

[Event "Knighthood Blitz"]
[Site "Vishy Anand Arena"]
[Date "2020.08.01"]
[Round "7"]
[White "Anandgary"]
[Black "Mandy64theking"]
[Result "1-0"]
[WhiteElo "1771"]
[BlackElo "1671"]
[Annotator "NA"]
[PlyCount "29"]
[EventDate "2020.08.01"]
[EventType "swiss (blitz)"]

1. e4 c5 2. Nc3 Nc6 3. f4 e6 4. Nf3 a6 5. g3 g6 6. Bg2 Bg7 7. O-O b5 8. d3 Bb7 9. Be3 d6 10. e5 Nge7 11. Ne4 dxe5 12. fxe5 c4 13. Nd6+ Kf8 14. Ng5 Rb8 15. Nxe6+ 1-0

[Event "Knighthood Blitz"]
[Site "Vishy Anand Arena"]
[Date "2020.08.01"]
[Round "7"]
[White "Gowthamchess1356"]
[Black "hussaini786"]
[Result "0-1"]
[WhiteElo "1763"]
[BlackElo "1740"]
[Annotator "NA"]
[PlyCount "70"]
[EventDate "2020.08.01"]
[EventType "swiss (blitz)"]

1. d4 e6 2. c4 d5 3. Nc3 c6 4. Nf3 Nf6 5. Bg5 Be7 6. e3 O-O 7. Bd3 dxc4 8. Bxc4 Nbd7 9. O-O Qc7 10. Rc1 e5 11. dxe5 Nxe5 12. Nxe5 Qxe5 13. Bf4 Qc5 14. b3 Bg4 15. f3 Be6 16. Bxe6 fxe6 17. Kh1 Qh5 18. Qe2 Rae8 19. Rcd1 Nd5 20. Nxd5 exd5 21. Qd3 Bc5 22. Rc1 Ba3 23. Rc2 Re6 24. Rb1 a5 25. Qd4 Rg6 26. e4 Rxf4 27. Qb6 Rf7 28. Qxa5 Bd6 29. h3 Qe5 30. Kg1 Qh2+ 31. Kf1 Qh1+ 32. Ke2 Qxb1 33. Qd8+ Rf8 34. Qxd6 Qxc2+ 35. Kf1 Rxd6 0-1

[Event "Knighthood Blitz"]
[Site "Vishy Anand Arena"]
[Date "2020.08.01"]
[Round "7"]
[White "Rahulraj"]
[Black "Hickey"]
[Result "0-1"]
[WhiteElo "1761"]
[BlackElo "2109"]
[Annotator "NA"]
[PlyCount "78"]
[EventDate "2020.08.01"]
[EventType "swiss (blitz)"]

1. d3 Nf6 2. Nf3 d5 3. e4 dxe4 4. Ne5 Nbd7 5. Bf4 Nxe5 6. Bxe5 Bf5 7. d4 e6 8. Nc3 Bd6 9. Bb5+ c6 10. Bc4 Bxe5 11. dxe5 Nd5 12. Qd4 Qb6 13. Qxb6 axb6 14. Bb3 Nxc3 15. bxc3 Ke7 16. O-O-O Rhd8 17. Rxd8 Rxd8 18. Re1 b5 19. f4 exf3 20. gxf3 g5 21. Rg1 h6 22. c4 b4 23. Rd1 Rxd1+ 24. Kxd1 c5 25. Kd2 f6 26. c3 bxc3+ 27. Kxc3 fxe5 28. a4 b6 29. Kd2 e4 30. fxe4 Bxe4 31. Ke3 Bc6 32. Kf2 Kf6 33. Ke3 Ke5 34. Bc2 Be8 35. h3 h5 36. Bd1 Bg6 37. Be2 Bf5 38. Bxh5 Bxh3 39. Kf3 Bf1 0-1

[Event "Knighthood Blitz"]
[Site "Vishy Anand Arena"]
[Date "2020.08.01"]
[Round "7"]
[White "Arunava"]
[Black "Sougata"]
[Result "1-0"]
[WhiteElo "1757"]
[BlackElo "1548"]
[Annotator "NA"]
[PlyCount "73"]
[EventDate "2020.08.01"]
[EventType "swiss (blitz)"]

1. d4 Nf6 2. c4 g6 3. Nc3 d6 4. e4 Bg7 5. Nf3 O-O 6. Be2 Nbd7 7. O-O e5 8. Re1 Nh5 9. Be3 Nf4 10. Bf1 f5 11. Bxf4 exf4 12. Nd5 g5 13. exf5 Rxf5 14. Ne7+ Kh8 15. Nxf5 Nf6 16. Nxg7 Kxg7 17. Nxg5 h6 18. Ne6+ Bxe6 19. Rxe6 Qd7 20. d5 Rg8 21. Qd4 Qf7 22. Rae1 Kg6 23. Rxf6+ Qxf6 24. Re6 Rf8 25. Bd3+ Kg7 26. Rxf6 Rxf6 27. Qxa7 f3 28. gxf3 Rxf3 29. Be2 Rf7 30. Qxb7 Kf6 31. a4 Ke5 32. Qc8 Rg7+ 33. Kf1 h5 34. Qe6+ Kd4 35. Qf6+ Kc5 36. Qxg7 h4 37. Qc3 1-0

[Event "Knighthood Blitz"]
[Site "Vishy Anand Arena"]
[Date "2020.08.01"]
[Round "7"]
[White "ElectroWizzard"]
[Black "Subhranp"]
[Result "1-0"]
[WhiteElo "1732"]
[BlackElo "1502"]
[Annotator "NA"]
[PlyCount "97"]
[EventDate "2020.08.01"]
[EventType "swiss (blitz)"]

1. e4 d5 2. exd5 Qxd5 3. Nc3 Qa5 4. d4 c6 5. Bd2 Qc7 6. Bc4 Bf5 7. Nf3 Nf6 8. Bb3 e6 9. Qe2 Nbd7 10. h3 Bd6 11. O-O O-O 12. Nh4 Bg6 13. Nxg6 hxg6 14. Rad1 Rad8 15. Rfe1 Nb6 16. Qf3 Nbd5 17. Bg5 Nxc3 18. bxc3 Be7 19. Bf4 Bd6 20. Bg5 Be7 21. c4 b6 22. Bf4 Bd6 23. Be5 Bxe5 24. dxe5 Nd7 25. Qe3 Nc5 26. f4 Rd7 27. Rxd7 Qxd7 28. Re2 Rd8 29. c3 Qd4 30. cxd4 Nxb3 31. axb3 Kf8 32. d5 cxd5 33. cxd5 Rxd5 34. Rd2 Rc5 35. Rd7 Kg8 36. Qd4 Kh7 37. Rxa7 Rc1+ 38. Kh2 Rf1 39. Qd7 Rxf4 40. g3 Rf2+ 41. Kg1 Rf3 42. Kg2 Rf5 43. Rb7 Kh6 44. Rxb6 g5 45. Rb4 Rxe5 46. Qxf7 Rf5 47. Qxe6+ Rf6 48. Qe3 Kg6 49. h4 1-0

[Event "Knighthood Blitz"]
[Site "Vishy Anand Arena"]
[Date "2020.08.01"]
[Round "7"]
[White "davidcheetah"]
[Black "Sohammdh"]
[Result "0-1"]
[WhiteElo "1732"]
[BlackElo "1595"]
[Annotator "NA"]
[PlyCount "94"]
[EventDate "2020.08.01"]
[EventType "swiss (blitz)"]

1. d4 Nf6 2. Nf3 c5 3. c3 cxd4 4. cxd4 d5 5. Nc3 e6 6. Bg5 Be7 7. e3 O-O 8. Bd3 Bd7 9. O-O Nc6 10. a3 Qc7 11. Rc1 h6 12. Bf4 Qd8 13. h3 a6 14. Ne5 Nxe5 15. dxe5 Nh5 16. Qxh5 Qb6 17. b4 a5 18. b5 Bxa3 19. Rb1 Bb4 20. Na4 Qd8 21. Qf3 g5 22. Bg3 f5 23. h4 g4 24. Qf4 Kg7 25. f3 gxf3 26. Rxf3 Kh7 27. Bf2 Rg8 28. Rg3 Qe7 29. Nb6 Raf8 30. Nxd7 Qxd7 31. Qd4 Rxg3 32. Bxg3 Rg8 33. Kh2 Qg7 34. Qf4 Qf7 35. Bf2 Qh5 36. Rc1 Kh8 37. Qf3 Qg6 38. Rc7 a4 39. Rxb7 a3 40. Ra7 Bc5 41. Ra6 a2 42. Rxa2 Qg7 43. Ra6 Qxe5+ 44. g3 d4 45. Qf4 dxe3 46. Qxf5 exf5 47. Bxe3 Qxe3 0-1

[Event "Knighthood Blitz"]
[Site "Vishy Anand Arena"]
[Date "2020.08.01"]
[Round "7"]
[White "Padmaesh M K"]
[Black "Sohamshirode28"]
[Result "0-1"]
[WhiteElo "1723"]
[BlackElo "1507"]
[Annotator "NA"]
[PlyCount "84"]
[EventDate "2020.08.01"]
[EventType "swiss (blitz)"]

1. Nf3 Nf6 2. d4 g6 3. Bf4 Bg7 4. e3 d6 5. Bd3 O-O 6. Nbd2 Bd7 7. c3 Nc6 8. h4 Bg4 9. Qc2 Re8 10. Nh2 Bd7 11. Nhf3 e5 12. Bg5 exd4 13. Nxd4 Ne5 14. h5 Nxd3+ 15. Qxd3 c5 16. hxg6 fxg6 17. N4f3 Bf5 18. Qb5 Qd7 19. Qxd7 Nxd7 20. O-O-O Ne5 21. Bf4 Rad8 22. Ng5 h6 23. Ngf3 g5 24. Bxe5 dxe5 25. Nc4 Rxd1+ 26. Rxd1 Bg4 27. Nd6 Rf8 28. Nxb7 e4 29. Nxc5 exf3 30. gxf3 Bxf3 31. Rd7 a5 32. Ne6 Rf7 33. Rd8+ Bf8 34. Ra8 Bxa8 35. Nd4 Rd7 36. b3 a4 37. b4 Bd5 38. a3 Be4 39. Kd2 Bg6 40. Ke2 Rd6 41. Kf3 Rd7 42. e4 Bg7 0-1

[Event "Knighthood Blitz"]
[Site "Vishy Anand Arena"]
[Date "2020.08.01"]
[Round "7"]
[White "Setumadhav"]
[Black "Suyash45"]
[Result "0-1"]
[WhiteElo "1722"]
[BlackElo "1967"]
[Annotator "NA"]
[PlyCount "74"]
[EventDate "2020.08.01"]
[EventType "swiss (blitz)"]

1. d4 c5 2. d5 e5 3. Nc3 d6 4. e4 Be7 5. Bb5+ Nd7 6. a4 a6 7. Be2 Bg5 8. Nf3 Bxc1 9. Rxc1 Nh6 10. h3 O-O 11. O-O Rb8 12. Qd2 f5 13. exf5 Nxf5 14. Ne4 Nf6 15. Nfg5 h6 16. Nxf6+ Qxf6 17. Ne4 Qg6 18. Bd3 b5 19. axb5 axb5 20. c3 Nh4 21. f4 Rxf4 22. Rxf4 exf4 23. Nxc5 Nf3+ 24. Kh1 Nxd2 25. Bxg6 dxc5 26. Rd1 Nc4 27. d6 Be6 28. Re1 Bf7 29. Bxf7+ Kxf7 30. Re7+ Kf6 31. Rc7 Nxd6 32. Rxc5 b4 33. c4 Rd8 34. b3 Ne4 35. Rc6+ Ke5 36. Rc7 Rd1+ 37. Kh2 Ng3 0-1

[Event "Knighthood Blitz"]
[Site "Vishy Anand Arena"]
[Date "2020.08.01"]
[Round "7"]
[White "Sairam Ramabadra"]
[Black "ItsTime"]
[Result "1/2-1/2"]
[WhiteElo "1718"]
[BlackElo "2134"]
[PlyCount "99"]
[EventDate "2020.08.01"]
[EventType "swiss (blitz)"]

1. e4 c6 2. d4 d5 3. exd5 cxd5 4. Bd3 Nc6 5. c3 Nf6 6. Bf4 Bg4 7. Qb3 Qc8 8. Nd2 e6 9. Ngf3 Be7 10. h3 Bh5 11. O-O O-O 12. a4 Bg6 13. Bxg6 hxg6 14. a5 a6 15. Qd1 Qd7 16. Ne5 Nxe5 17. Bxe5 Bd6 18. Bxf6 gxf6 19. Qf3 Kg7 20. h4 Rh8 21. g3 Rac8 22. Kg2 Qb5 23. b4 Qc6 24. Rac1 Rh5 25. Rh1 Rch8 26. Nb3 Qc7 27. Nc5 Bxc5 28. dxc5 Rd8 29. g4 Rhh8 30. h5 gxh5 31. gxh5 Rdg8 32. Rcg1 Kf8+ 33. Kf1 Qe5 34. Rxg8+ Rxg8 35. h6 Rh8 36. Qd3 Qg5 37. c6 bxc6 38. Qxa6 Rxh6 39. Rxh6 Qxh6 40. Qxc6 Qc1+ 41. Ke2 Qc2+ 42. Ke3 f5 43. a6 e5 44. a7 f4+ 45. Kf3 Qd1+ 46. Kg2 Qg4+ 47. Kf1 Qd1+ 48. Kg2 Qg4+ 49. Kf1 Qd1+ 50. Kg2 1/2-1/2

[Event "Knighthood Blitz"]
[Site "Vishy Anand Arena"]
[Date "2020.08.01"]
[Round "7"]
[White "samjrao"]
[Black "Quality_959"]
[Result "1-0"]
[WhiteElo "1696"]
[BlackElo "1494"]
[Annotator "NA"]
[PlyCount "85"]
[EventDate "2020.08.01"]
[EventType "swiss (blitz)"]

1. e4 c6 2. Nf3 d5 3. exd5 cxd5 4. d4 Bg4 5. Be2 Nf6 6. O-O e6 7. h3 Bf5 8. Bd3 Bxd3 9. Qxd3 Nc6 10. Ne5 Nxe5 11. dxe5 Nd7 12. f4 Bc5+ 13. Kh1 O-O 14. Nd2 Rc8 15. Nf3 Nb6 16. Ng5 g6 17. c3 d4 18. cxd4 Qxd4 19. Qxd4 Bxd4 20. Ne4 Rc2 21. Nf6+ Kg7 22. Rb1 Nc4 23. b3 Nd2 24. Bxd2 Rxd2 25. Rfd1 Rxd1+ 26. Rxd1 Be3 27. g3 Rc8 28. Kg2 Rc2+ 29. Kf3 Bb6 30. a4 Rf2+ 31. Ke4 Rg2 32. Rd3 h5 33. g4 hxg4 34. hxg4 Re2+ 35. Kf3 Re1 36. Kg2 Re2+ 37. Kf3 Rf2+ 38. Kg3 Re2 39. Rd1 Bf2+ 40. Kf3 Rb2 41. Rd8 Bb6 42. Rg8+ Kh6 43. g5# 1-0

[Event "Knighthood Blitz"]
[Site "Vishy Anand Arena"]
[Date "2020.08.01"]
[Round "7"]
[White "Chess1311"]
[Black "Shikhar karn"]
[Result "1-0"]
[WhiteElo "1664"]
[BlackElo "1514"]
[Annotator "NA"]
[PlyCount "87"]
[EventDate "2020.08.01"]
[EventType "swiss (blitz)"]

1. d4 Nf6 2. Nf3 e6 3. c4 d5 4. cxd5 exd5 5. Nc3 Nc6 6. Bg5 Be6 7. e3 h6 8. Bh4 Be7 9. Bb5 Ne4 10. Bxe7 Qxe7 11. Ne5 Bd7 12. Nxd5 Qh4 13. g3 Qh3 14. Nxc7+ Kd8 15. Nxd7 Kxd7 16. Nxa8 Rxa8 17. Bxc6+ bxc6 18. Qf3 Ng5 19. Qe2 Rb8 20. O-O-O Qg2 21. Qf1 Qd5 22. b3 Qa5 23. Qe2 Ne4 24. Rd3 Nc3 25. Qc2 Nxa2+ 26. Kb2 Nb4 27. Ra1 Qd5 28. Rxa7+ Kd6 29. Qc5+ Qxc5 30. dxc5+ Kxc5 31. Rc3+ Kb6 32. Rxf7 Rd8 33. Rxg7 Rd2+ 34. Kb1 Rxf2 35. h4 Kb5 36. Rb7+ Ka5 37. Rc5+ Ka6 38. Rxb4 Rf3 39. Rxc6+ Ka7 40. Rxh6 Rxe3 41. Rg4 Rxb3+ 42. Kc2 Rb8 43. Rg7+ Ka8 44. Ra6# 1-0

[Event "Knighthood Blitz"]
[Site "Vishy Anand Arena"]
[Date "2020.08.01"]
[Round "7"]
[White "Beastmaari"]
[Black "Angappan"]
[Result "1-0"]
[WhiteElo "1655"]
[BlackElo "1455"]
[Annotator "NA"]
[PlyCount "47"]
[EventDate "2020.08.01"]
[EventType "swiss (blitz)"]

1. d4 d5 2. Nf3 e6 3. Bf4 Nf6 4. e3 Be7 5. Bd3 O-O 6. Nbd2 Nbd7 7. c3 b6 8. h4 Bb7 9. Ne5 c5 10. g4 Ne4 11. Nxd7 Qxd7 12. f3 Nxd2 13. Qxd2 Qd8 14. O-O-O Bxh4 15. g5 Bxg5 16. Bxh7+ Kh8 17. Bxg5 Qxg5 18. Rdg1 Qxg1+ 19. Rxg1 Kxh7 20. Qg2 g6 21. Qg5 cxd4 22. Qf6 Kg8 23. Rh1 Rfc8 24. Rh8# 1-0

[Event "Knighthood Blitz"]
[Site "Vishy Anand Arena"]
[Date "2020.08.01"]
[Round "7"]
[White "Varun_nair"]
[Black "theraisingsun"]
[Result "0-1"]
[WhiteElo "1654"]
[BlackElo "1619"]
[Annotator "NA"]
[PlyCount "32"]
[EventDate "2020.08.01"]
[EventType "swiss (blitz)"]

1. d4 b6 2. Bf4 d6 3. Nf3 Bb7 4. e3 g6 5. Nbd2 Bg7 6. c3 Nd7 7. Bd3 Ngf6 8. O-O O-O 9. Qc2 Re8 10. Ne4 e5 11. Nxf6+ Nxf6 12. Bg3 e4 13. Bxe4 Nxe4 14. Qb3 Nxg3 15. fxg3 Rxe3 16. Ng5 Qxg5 0-1

[Event "Knighthood Blitz"]
[Site "Vishy Anand Arena"]
[Date "2020.08.01"]
[Round "7"]
[White "Ishan2559"]
[Black "SubashRaj"]
[Result "1-0"]
[WhiteElo "1646"]
[BlackElo "1594"]
[Annotator "NA"]
[PlyCount "85"]
[EventDate "2020.08.01"]
[EventType "swiss (blitz)"]

1. e4 c5 2. Nf3 e6 3. d4 cxd4 4. Nxd4 a6 5. Nc3 Qc7 6. Be2 b5 7. a3 Bb7 8. O-O Nf6 9. f3 Nc6 10. Be3 Bc5 11. Qd2 Qb6 12. Rad1 Nxd4 13. Bxd4 O-O 14. Bxc5 Qxc5+ 15. Kh1 Rac8 16. h3 Rfd8 17. Qf4 Nh5 18. Qh2 Qg5 19. g4 Nf4 20. Bd3 d5 21. exd5 Nxd5 22. Ne2 Ne3 23. Rde1 Nxf1 24. Rxf1 Qe3 25. Ng1 Rd4 26. h4 Rf4 27. Qg3 Rd8 28. Kg2 Rfd4 29. Re1 Qd2+ 30. Re2 Qf4 31. Qxf4 Rxf4 32. Nh3 Rfd4 33. Ng5 h6 34. Nh3 Bd5 35. Nf2 g6 36. Kg3 f5 37. gxf5 gxf5 38. Nh3 Kf7 39. Kf2 Rg8 40. Ke3 Rxh4 41. Nf4 e5 42. Nxd5 f4+ 43. Ke4 1-0

[Event "Knighthood Blitz"]
[Site "Vishy Anand Arena"]
[Date "2020.08.01"]
[Round "7"]
[White "Samay Raina"]
[Black "IamNihar"]
[Result "0-1"]
[WhiteElo "1639"]
[BlackElo "1420"]
[Annotator "NA"]
[PlyCount "62"]
[EventDate "2020.08.01"]
[EventType "swiss (blitz)"]

1. c4 Nf6 2. Nc3 e6 3. Nf3 Bb4 4. d4 O-O 5. Bd2 b6 6. e4 Bb7 7. Bd3 c5 8. e5 Bxc3 9. bxc3 Ne4 10. Bxe4 Bxe4 11. Qe2 Bb7 12. O-O cxd4 13. cxd4 d5 14. Qd3 dxc4 15. Qe3 Nc6 16. Ng5 Qxd4 17. Qh3 h6 18. Nf3 Qd3 19. Rad1 Qf5 20. Qg3 Nxe5 21. Bxh6 Nxf3+ 22. gxf3 Qg6 23. Qxg6 fxg6 24. Bf4 Rxf4 25. Rd6 Raf8 26. Rd7 Bxf3 27. Re1 Bd5 28. Rxa7 Rxf2 29. Rb1 Rg2+ 30. Kh1 Rb2+ 31. Kg1 Rxb1# 0-1

[Event "Knighthood Blitz"]
[Site "Vishy Anand Arena"]
[Date "2020.08.01"]
[Round "7"]
[White "Lazylemon123"]
[Black "Ggupta211"]
[Result "1-0"]
[WhiteElo "1620"]
[BlackElo "1322"]
[Annotator "NA"]
[PlyCount "109"]
[EventDate "2020.08.01"]
[EventType "swiss (blitz)"]

1. e4 c5 2. Nf3 d6 3. Bc4 e6 4. a3 Nc6 5. Nc3 Nf6 6. d3 Be7 7. Bd2 a6 8. Qe2 O-O 9. h3 Rb8 10. g4 b5 11. Ba2 h6 12. O-O-O b4 13. Nb1 bxa3 14. Nxa3 Qb6 15. Nc4 Qb7 16. Bb3 d5 17. exd5 exd5 18. Na5 Nxa5 19. Bxa5 Qb5 20. Qxe7 Qxa5 21. Qe1 Qa1+ 22. Kd2 Qxb2 23. g5 hxg5 24. Nxg5 c4 25. dxc4 dxc4 26. Bxc4 Rd8+ 27. Bd3 Qb4+ 28. Kc1 Qa3+ 29. Kd2 Qa5+ 30. Kc1 Qa2 31. Kd2 Be6 32. Nxe6 fxe6 33. Qxe6+ Kh8 34. Qxa2 Ne4+ 35. Kc1 Nc3 36. Kd2 Ne4+ 37. Ke3 Nc5 38. h4 Re8+ 39. Kf3 Rf8+ 40. Kg2 Rb4 41. Qd5 Rg4+ 42. Kf1 Rgf4 43. Qh5+ Kg8 44. Bh7+ Kh8 45. Bd3+ Kg8 46. Qh7+ Kf7 47. Qh5+ Ke7 48. Qxc5+ Ke8 49. Re1+ Kd8 50. Qe7+ Kc8 51. Rh2 R4f7 52. Qe6+ Kb8 53. Be4 Rf6 54. Rb1+ Ka7 55. Qd7# 1-0

[Event "Knighthood Blitz"]
[Site "Vishy Anand Arena"]
[Date "2020.08.01"]
[Round "7"]
[White "ABCD64"]
[Black "Vishvajeet Singh"]
[Result "0-1"]
[WhiteElo "1619"]
[BlackElo "1685"]
[Annotator "NA"]
[PlyCount "76"]
[EventDate "2020.08.01"]
[EventType "swiss (blitz)"]

1. d4 Nf6 2. c4 e6 3. Nf3 b6 4. Bg5 Bb7 5. Nc3 Bb4 6. Nd2 O-O 7. e4 h6 8. Bh4 g5 9. Bg3 Bxc3 10. bxc3 Nxe4 11. Nxe4 Bxe4 12. h4 c5 13. f3 Bg6 14. Bd3 d5 15. Bxg6 fxg6 16. Qd3 Qf6 17. Be5 Qf5 18. Qd2 Nd7 19. Bd6 Rf7 20. hxg5 Qxg5 21. Qxg5 hxg5 22. O-O dxc4 23. a4 cxd4 24. cxd4 Rf5 25. Rac1 Rc8 26. Rfe1 Kf7 27. Re3 Rd5 28. Bg3 Rxd4 29. Rce1 Rc6 30. Rc1 Nf6 31. Be5 Rd5 32. Bc3 a6 33. Rb1 Rd3 34. Rxd3 cxd3 35. Bxf6 Kxf6 36. Kf2 Rc2+ 37. Ke3 Rxg2 38. Kxd3 Ra2 0-1

[Event "Knighthood Blitz"]
[Site "Vishy Anand Arena"]
[Date "2020.08.01"]
[Round "7"]
[White "Vamsidasarik"]
[Black "masters22"]
[Result "1-0"]
[WhiteElo "1619"]
[BlackElo "1430"]
[Annotator "NA"]
[PlyCount "67"]
[EventDate "2020.08.01"]
[EventType "swiss (blitz)"]

1. g3 Nf6 2. Bg2 Nc6 3. b3 e5 4. Bb2 d5 5. e3 e4 6. Ne2 Bg4 7. d3 Qd7 8. dxe4 Nxe4 9. f3 Bh3 10. Bxh3 Qxh3 11. fxe4 dxe4 12. Nf4 Qf5 13. Nd2 O-O-O 14. Qe2 a6 15. O-O-O Bd6 16. Rhf1 Qd7 17. Bxg7 Rhg8 18. Bb2 Qe7 19. Kb1 Be5 20. Nc4 Bxb2 21. Kxb2 Ne5 22. Nd5 Qc5 23. Nf6 Rg6 24. Rxd8+ Kxd8 25. Nxe4 Qe7 26. Rd1+ Kc8 27. Nxe5 Qxe5+ 28. Nc3 Rc6 29. Qd3 Qe7 30. Nd5 Qe5+ 31. Nc3 Qe7 32. Qf5+ Kb8 33. Qd7 Qf6 34. Qd8+ 1-0